00000000nam 2200000zi 4500
0019.952586
003CaOODSP
00520250912105929
006m     o  d f      
007cr mn|||||||||
008250623e202506##onc     o    f000 0 fre d
020 |a9780660779225
040 |aCaOODSP|bfre|erda|cCaOODSP
043 |an-cn---
0861 |aCP22-215/2025F-PDF
24500|aEnquête sur la santé, les attitudes et les connaissances comportementales (SACC) : |brapport méthodologique / |cprésenté au Bureau du Conseil privé (BCP) ; préparé par Léger.
264 1|aOttawa (ON) : |bGouvernement du Canada, Bureau du Conseil privé = Government of Canada, Privy Council Office, |cjuin 2025.
264 4|c©2025
300 |a1 ressource en ligne (82 pages)
336 |atexte|btxt|2rdacontent/fre
337 |ainformatique|bc|2rdamedia/fre
338 |aressource en ligne|bcr|2rdacarrier/fre
500 |aPublié aussi en français sous le titre : Health, attitudes, and behavioural insights tracker (HABIT) survey: methodological report.
500 |aTitre de la couverture.
500 |a« Numéro de contrat : 35035-240618. »
500 |a« Numéro d'enregistrement : POR 015-24. »
500 |a« Date de livraison : 16 juin 2025. »
650 6|aAttitudes à l'égard de la santé|zCanada.
650 6|aSanté mentale|zCanada|xOpinion publique.
650 6|aSoins médicaux|zCanada|xOpinion publique.
650 6|aSoins de santé mentale|zCanada|xOpinion publique.
650 6|aHabitudes sanitaires|zCanada|xOpinion publique.
650 6|aMaladies infectieuses|zCanada|xPrévention|xOpinion publique.
650 6|aVaccination|zCanada|xOpinion publique.
650 6|aOpinion publique|zCanada.
7101 |aCanada. |bBureau du Conseil privé, |eorganisme de publication.
7102 |aLéger Marketing, |econsultant.
77508|tHealth, attitudes, and behavioural insights tracker (HABIT) survey : |w(CaOODSP)9.952584
795 |tL'enquête sur la santé, les attitudes et les connaissances comportementales (SACC) : |w(CaOODSP)9.935685
85640|qPDF|s1.33 Mo|uhttps://publications.gc.ca/collections/collection_2025/bcp-pco/CP22-215-2025-fra.pdf|zRapport méthodologique
8564 |qHTML|sS.O.|uhttps://epe.bac-lac.gc.ca/100/200/301/pwgsc-tpsgc/por-ef/privy_council/2025/015-24-f/015-24-rapport.htm|zRapport méthodologique
8564 |qHTML|sS.O.|uhttps://epe.bac-lac.gc.ca/100/200/301/pwgsc-tpsgc/por-ef/privy_council/2025/015-24-f/index.html|z(ensemble de données complet)